000 00414nam a2200181Ia 4500
001 4708
005 20260306145815.0
008 260306t1999||||xx |||||||||||||| ||spa||
041 _aESP
082 _a330.1
_bC35
100 _aCastro Suárez, Pedro
_eAUT
245 0 _aTeoría económica
260 _c1999
300 _a408 páginas :
_c20 cm.
650 _aGEN
654 _aCAN
942 _cLIB
_dJUS
_fJUS
_2ddc
_n
999 _c4708
_d4708